Celtic Mythology Quiz Stats

 Plays Quiz not verified by Sporcle

Score 0/70 Timer 15:00
0 Plays Today
% Correct
Epona
62.5%
Tarvos Trigaranus
62.5%
Banba, Ériu, and Fódla
62.5%
Brigid
62.5%
Lir
62.5%
Mannanán mac Lir
62.5%
The Morrígan
62.5%
Cú Chulainn
62.5%
Tír na nÓg
62.5%
Kelpie
62.5%
Fear Gorta
62.5%
Selkie
62.5%
Brùnaidh|Brownie
62.5%
Amadán Dubh
62.5%
Ceridwen
62.5%
Llyr
62.5%
Artio
50%
Belanos
50%
Cernunnos
50%
Grannos
50%
Lugus
50%
Nantosuelta
50%
Sucellos
50%
Taranis
50%
Toutatis
50%
Caturix
50%
Gobannos
50%
Ogmios
50%
Rosmerta
50%
Esus
50%
Antumnos
50%
Maponos
50%
Aengus
50%
Danu
50%
Ogma
50%
% Correct
Creidhne, Goibniu, and Luchtaine
50%
Púca
50%
Fear Dearg
50%
Dôn
50%
Govannon
50%
Lleu Llaw Gyffes
50%
Rhiannon
50%
Y Ddraig
50%
Annwn
50%
Bugul Noz
50%
Morgen
50%
Piskie|Pixie
50%
Clíodhna
37.5%
Lugh
37.5%
Aranrhod
37.5%
Arawn
37.5%
Mabon
37.5%
Ankou
37.5%
Bucca
37.5%
Áine
25%
An Dagda
25%
Dian Cécht
25%
Niamh
25%
Merrow
25%
Modron
25%
Adar Llwch Gwin
25%
Neit
12.5%
Cailleach
12.5%
Coblynau
12.5%
Y Cyhyraeth
12.5%
Aed
0%
Aeron
0%
Amathaon
0%
Gwydyon
0%
Korrigan
0%

You're not logged in!

Compare scores with friends on all Sporcle quizzes.
OR
Log In

Sporcle TV

Today on Sporcle TV


Watch our educational content, quiz creation guides, and fun videos on Sporcle TV.

Show Comments

Extras

Top Quizzes Today


Score Distribution

Your Account Isn't Verified!

In order to create a playlist on Sporcle, you need to verify the email address you used during registration. Go to your Sporcle Settings to finish the process.

Report this User

Report this user for behavior that violates our Community Guidelines.

Details: